Miasta w Rumunii - nagła śmierć - Statystyki

Ogólne statystyki
  • Ten quiz został rozwiązany 207 razy
    105 od ostatniego zresetowania
  • Średni wynik to 7 z 10
Answers on the Grid
Answers color-coded by a green-red scale on the quiz's grid according to % correct below.
Debreczyn
Odessa
Czerniowce
Ruse
Burgas
Jagodina
Arad
Bukareszt
Gałacz
Jassy
Kluż-Napoka
Konstanca
Krajowa
Oradea
Ploeszti
Timisoara
 
Statystyki odpowiedzi
Odpowiedź % Poprawnych
Bukareszt
86%
Kluż-Napoka
86%
Timisoara
82%
Konstanca
81%
Krajowa
70%
Ploeszti
70%
Oradea
68%
Gałacz
57%
Jassy
54%
Arad
50%
Nie znaleziono quizów pasujących do podanych kryteriów
Rozkład punktacji
Procent ludzi z każdym wynikiem
Percentyl według liczby udzielonych odpowiedzi
Twoja historia wyników
Nie rozwiązałeś tego quizu od ostatniego zresetowania